Normal view
MARC view
- Literacy
Entry Topical Term
001 - CONTROL NUMBER
- control field: 94730
003 - CONTROL NUMBER IDENTIFIER
- control field: NUST
005 - DATE AND TIME OF LATEST TRANSACTION
- control field: 20220724145928.0
008 - FIXED-LENGTH DATA ELEMENTS
- fixed length control field: 220724|| aca||aabn | a|a d
040 ## - CATALOGING SOURCE
- Original cataloging agency: NUST
- Transcribing agency: NUST
150 ## - HEADING--TOPICAL TERM
- Topical term or geographic name entry element: Literacy
- General subdivision: Evaluation
670 ## - SOURCE DATA FOUND
- Source citation: Work cat.: (NUST)0: Honigsfeld, Andrea, 1965- author. 94729, Growing language & literacy :
